Just a daydream / (Record no. 2226)

MARC details
000 -LEADER
fixed length control field 00905cam a2200289 a 4500
005 - DATE AND TIME OF LATEST TRANSACTION
control field 20250117110223.0
020 ## - INTERNATIONAL STANDARD BOOK NUMBER
International Standard Book Number 0307119734
020 ## - INTERNATIONAL STANDARD BOOK NUMBER
International Standard Book Number 0307611930
020 ## - INTERNATIONAL STANDARD BOOK NUMBER
International Standard Book Number 033500119730
040 ## - CATALOGING SOURCE
Original cataloging agency DLC
Transcribing agency DLC
Language of cataloging eng
050 00 - LIBRARY OF CONGRESS CALL NUMBER
Classification number PZ7.M462
Item number Jr 1989
082 00 - DEWEY DECIMAL CLASSIFICATION NUMBER
Classification number 479
Edition number 20
100 1# - MAIN ENTRY--PERSONAL NAME
Personal name Mayer, Mercer
Dates associated with a name 1943-
245 10 - TITLE STATEMENT
Title Just a daydream /
Statement of responsibility, etc. by Mercer Mayer to Daniel Hall
260 ## - PUBLICATION, DISTRIBUTION, ETC.
Place of publication, distribution, etc. Racine :
Name of publisher, distributor, etc. Golden Book ;
-- Western Pub. Co.,
Date of publication, distribution, etc. 1989
300 ## - PHYSICAL DESCRIPTION
Extent 23 unnumbered pages :
Other physical details Illustrations
Dimensions 20x20 cm
490 1# - SERIES STATEMENT
Series statement A Little Critter book
490 0# - SERIES STATEMENT
Series statement A Golden look-look book
505 ## - FORMATTED CONTENTS NOTE
Formatted contents note K
520 ## - SUMMARY, ETC.
Summary, etc. Little Critter daydreams about what he would do to the local bully if he were Super Critter.
521 ## - TARGET AUDIENCE NOTE
Target audience note 570 <br/>
Source Lexile <br/>
521 ## - TARGET AUDIENCE NOTE
Target audience note K <br/>
Source Raz-Plus<br/>
650 #1 - SUBJECT ADDED ENTRY--TOPICAL TERM
Topical term or geographic name entry element Bullies and bullying
Form subdivision Fiction.
906 ## - LOCAL DATA ELEMENT F, LDF (RLIN)
a 7
b cbc
c orignew
d 3
e ocip
f 19
g y-gencatlg
942 ## - ADDED ENTRY ELEMENTS (KOHA)
Source of classification or shelving scheme Dewey Decimal Classification
Koha item type Books
Suppress in OPAC No
999 ## -
-- 2226
-- 2226
Holdings
Withdrawn status Lost status Source of classification or shelving scheme Damaged status Not for loan Collection Home library Current library Shelving location Date acquired Total Checkouts Full call number Barcode Date last seen Date last checked out Price effective from Koha item type
    Dewey Decimal Classification     Juvenile Fiction Footprints International School Library Network Toul Kork Campus Footprints International School Library Network Toul Kork Campus TK Primary Library Room(4th Floor), Bookcase 3&4, Shelves 17-32, Yellow Books 11/13/2023 1 MAY 479 PZ7.M462 FISBK07179 12/09/2024 09/09/2024 11/13/2023 Books